|
|
|
|
| LEADER |
00000nab a2200000 ar4500 |
| 001 |
vtls010039885 |
| 003 |
SK-MaSNL |
| 005 |
20260318125024.0 |
| 008 |
100116c2009 xo |||||||| |000 b|hun |
| 015 |
|
|
|a SNBRB2010/01
|2 snkbucl
|
| 038 |
|
|
|a SNKBUCL
|
| 040 |
|
|
|a DSZK
|b slo
|c DSZK
|e AACR2
|
| 041 |
0 |
|
|a hun
|
| 044 |
|
|
|a xo
|c SK
|
| 080 |
|
|
|a 82:929:821.511.141 (437.6)
|2 1997
|
| 080 |
|
|
|a 821.511.141 (437.6):929
|2 1997
|
| 080 |
|
|
|a 929 Szigeti, László
|2 1997
|
| 100 |
1 |
|
|a Lacza, Tihamér,
|d 1948-
|4 ivr
|4 aut
|9 100533
|
| 245 |
1 |
0 |
|a Szép dolog az, amit művel?
|b beszélgetés Szigeti Lászlóval
|c [beszélgetett] Lacza Tihamér; illusztrálta Németh Ilona
|
| 300 |
|
|
|b Obr.
|
| 600 |
1 |
7 |
|a Szigeti, László,
|d 1949-
|2 snkbucl
|9 217521
|
| 655 |
|
7 |
|a rozhovory
|2 snkbucl
|9 31831
|
| 700 |
1 |
|
|a Szigeti, László,
|d 1949-
|4 ive
|4 aut
|9 217521
|
| 700 |
1 |
|
|a Németh, Ilona,
|d 1963-
|4 ill
|9 101799
|
| 773 |
0 |
|
|t Opus : szlovákiai magyar írók folyóirata
|g Évf. I, sz. 3 (2009), o. 15-26
|x 1338-0265
|
| 852 |
|
|
|a SNK
|b KIS3GCP
|
| 852 |
|
|
|a DSZK
|b KIS3GCP
|
| 958 |
|
|
|a HU
|
| 958 |
|
|
|a SK
|
| 958 |
|
|
|a LX
|
| 958 |
|
|
|a BX
|
| 999 |
|
|
|c 2264550
|d 2266480
|